A different gospel : (Record no. 42860)
[ view plain ]
| 000 -LEADER | |
|---|---|
| fixed length control field | 01019cam a2200265 a 4500 |
| 001 - CONTROL NUMBER | |
| control field | 1502232 |
| 005 - DATE AND TIME OF LATEST TRANSACTION | |
| control field | 20180828033249.0 |
| 008 - FIXED-LENGTH DATA ELEMENTS--GENERAL INFORMATION | |
| fixed length control field | 881110s1988 mau b 000 0 eng |
| 010 ## - LIBRARY OF CONGRESS CONTROL NUMBER | |
| LC control number | 88201224 |
| 020 ## - INTERNATIONAL STANDARD BOOK NUMBER | |
| International Standard Book Number | 0913573787 |
| 040 ## - CATALOGING SOURCE | |
| Original cataloging agency | DLC |
| Transcribing agency | DLC |
| Modifying agency | DLC |
| 100 1# - MAIN ENTRY--PERSONAL NAME | |
| Personal name | McConnell, D. R. |
| 245 12 - TITLE STATEMENT | |
| Title | A different gospel : |
| Remainder of title | a historical and biblical analysis of the modern faith movement / |
| Statement of responsibility, etc | D.R. McConnell. |
| 260 ## - PUBLICATION, DISTRIBUTION, ETC. (IMPRINT) | |
| Place of publication, distribution, etc | Peabody, Mass. : |
| Name of publisher, distributor, etc | Hendrickson Publishers, |
| Date of publication, distribution, etc | c1988. |
| 300 ## - PHYSICAL DESCRIPTION | |
| Extent | xix, 195 p. ; |
| Dimensions | 22 cm. |
| 336 ## - CONTENT TYPE | |
| Content Type Term | text |
| 337 ## - MEDIA TYPE | |
| Media Type Term | unmediated |
| 338 ## - CARRIER TYPE | |
| Carrier Type Term | volume |
| 500 ## - GENERAL NOTE | |
| General note | Expanded and updated version of author's thesis (master's)-Oral Roberts University, 1982. Originally presented under title: The Kenyon connection : a theological and historical analysis of the cultic origins of the faith movement. |
| 504 ## - BIBLIOGRAPHY, ETC. NOTE | |
| Bibliography, etc | Bibliography: p. [191]-195. |
| 600 10 - SUBJECT ADDED ENTRY--PERSONAL NAME | |
| Personal name | Hagin, Kenneth E., |
| Dates associated with a name | 1917- |
| 600 10 - SUBJECT ADDED ENTRY--PERSONAL NAME | |
| Personal name | Kenyon, Essek William, |
| Dates associated with a name | 1867-1948. |
| 650 #0 - SUBJECT ADDED ENTRY--TOPICAL TERM | |
| Topical term or geographic name as entry element | Faith movement (Hagin) |
| 942 ## - ADDED ENTRY ELEMENTS (KOHA) | |
| Source of classification or shelving scheme | Library of Congress Classification |
| Item type | Books |
| Withdrawn status | Lost status | Source of classification or shelving scheme | Damaged status | Not for loan | Home library | Current library | Shelving location | Date acquired | Source of acquisition | Inventory number | Total Checkouts | Full call number | Barcode | Date last seen | Price effective from | Koha item type | Cost, normal purchase price | Copy number |
|---|---|---|---|---|---|---|---|---|---|---|---|---|---|---|---|---|---|---|
| Library of Congress Classification | BSOP Library | BSOP Library | GC | 08/28/2018 | Donation by Drs. George and Anne Harper | 42307 | BR1643.5 M45 1988 | 00053307 | 08/28/2018 | 08/28/2018 | Books | |||||||
| Library of Congress Classification | BSOP Library | BSOP Library | GC | 07/30/2019 | 13018 | BR1643.5 M45 1988 c.2 | 00020978 | 07/30/2019 | 07/30/2019 | Books | 397.50 | c.2 | ||||||
| Library of Congress Classification | BSOP Library | BSOP Library | GC | 07/30/2019 | 18157 | BR1643.5 M45 1988 c.3 | 00020977 | 07/30/2019 | 07/30/2019 | Books | c.3 |
